| 000 | 00674nam a2200193Ia 4500 | ||
|---|---|---|---|
| 008 | 140527s9999 xx 000 0 und d | ||
| 020 | _a9781422104460 | ||
| 050 |
_aHF 5549 _b.B34153 2009 |
||
| 100 | _aBecker, Brian E. | ||
| 245 | 4 |
_aThe differentiated workforce : _btransforming talent into strategic impact / _cBrian Becker, Mark A. Huselid, Richard W. Beatty |
|
| 260 |
_aBoston, Mass. : _bHarvard Business Press, _cc2009. |
||
| 300 |
_a242 p. : _bill. ; _c24 cm. |
||
| 500 | _aIncludes bibliographical references and index. | ||
| 521 | _aBSBA | ||
| 650 | _aOrganizational effectiveness. | ||
| 650 | _aStrategic management. | ||
| 942 |
_kFOR _cBK |
||
| 999 |
_c117494 _d117494 |
||